| 000 | 01391nam a22003494a 4500 | ||
|---|---|---|---|
| 001 | ebr10188723 | ||
| 003 | CaPaEBR | ||
| 006 | m u | ||
| 007 | cr cn||||||||| | ||
| 008 | 070202s2007 njua sb 001 0 eng | ||
| 010 | _z 2007004943 | ||
| 020 | _z9789812706607 (pbk.) | ||
| 020 | _z9812706607 (pbk.) | ||
| 040 |
_aCaPaEBR _cCaPaEBR |
||
| 035 | _a(OCoLC)173511473 | ||
| 050 | 1 | 4 |
_aRS380 _b.I56 2007eb |
| 082 | 0 | 4 |
_a338.4/76151 _222 |
| 245 | 0 | 0 |
_aInnovation in the biopharmaceutical industry _h[electronic resource] / _ceditors, Rifat A. Atun, Desmond Sheridan. |
| 260 |
_aHackensack, N.J. : _bWorld Scientific Pub., _cc2007. |
||
| 300 |
_axiv, 140 p. : _bill. (some col.). |
||
| 504 | _aIncludes bibliographical references and index. | ||
| 533 |
_aElectronic reproduction. _bPalo Alto, Calif. : _cebrary, _d2013. _nAvailable via World Wide Web. _nAccess may be limited to ebrary affiliated libraries. |
||
| 650 | 0 |
_aPharmaceutical industry _xTechnological innovations. |
|
| 650 | 0 | _aPharmaceutical biotechnology. | |
| 650 | 0 | _aBiopharmaceutics. | |
| 650 | 0 | _aDrug development. | |
| 655 | 7 |
_aElectronic books. _2local |
|
| 700 | 1 | _aAtun, Rifat A. | |
| 700 | 1 |
_aSheridan, Desmond J. _q(Desmond John) |
|
| 710 | 2 | _aebrary, Inc. | |
| 856 | 4 | 0 |
_uhttp://site.ebrary.com/lib/rucke/Doc?id=10188723 _zAn electronic book accessible through the World Wide Web; click to view |
| 999 |
_c149063 _d149063 |
||